[Event "RSA-ch U12"]
[Site "Bloemfontein"]
[Date "2016.03.20"]
[Round "1"]
[White "Dykema, Joshua Damain"]
[Black "Schoombie, Vian"]
[Result "0-1"]
[WhiteElo "1431"]
[BlackElo "1204"]
[PlyCount "42"]
[EventDate "2016.03.20"]
[EventType "swiss"]
[EventRounds "11"]
[EventCountry "RSA"]
[SourceTitle "CBM 171 Extra"]
[Source "ChessBase"]
[SourceDate "2016.04.26"]
[SourceVersion "1"]
[SourceVersionDate "2016.04.26"]
[SourceQuality "1"]

1. d4 c6 2. c4 d5 3. cxd5 cxd5 4. Nc3 Nf6 5. Nf3 e6 6. Bf4 Bd7 7. e3 Ne4 8. Bd3 Bb4 9. Qc2 Qa5 10. Rc1 Ba4 11. Qe2 Nxc3 12. bxc3 Ba3 13. 0-0 Bxc1 14. Rxc1 Nc6 15. Qb2 b6 16. c4 dxc4 17. Rxc4 Bb5 18. Be4 Rc8 19. Rc1 0-0 20. Qb3 Nb4 21. Rb1 Nxa2 0-1

[Event "RSA-chT U12"]
[Site "Cape Town"]
[Date "2016.01.05"]
[Round "4.2"]
[White "Naidoo, Kiaren"]
[Black "Schoombie, Vian"]
[Result "1/2-1/2"]
[WhiteElo "1094"]
[BlackElo "1134"]
[PlyCount "82"]
[EventDate "2016.01.04"]
[EventType "team-tourn"]
[EventRounds "7"]
[EventCountry "RSA"]
[SourceTitle "CBM 170 Extra"]
[Source "ChessBase"]
[SourceDate "2016.02.25"]
[SourceVersion "1"]
[SourceVersionDate "2016.02.25"]
[SourceQuality "1"]
[WhiteTeam "Ethekwini"]
[BlackTeam "Nelson Mandela Bay"]
[WhiteTeamCountry "RSA"]
[BlackTeamCountry "RSA"]

1. e4 c6 2. Nf3 d5 3. exd5 cxd5 4. d4 Nf6 5. Nc3 Bg4 6. Be2 e6 7. h3 Bxf3 8. Bxf3 Bd6 9. Bg5 0-0 10. Bxf6 Qxf6 11. a3 a6 12. Bg4 Re8 13. 0-0 Nc6 14. Ne2 e5 15. c3 exd4 16. Nxd4 Re4 17. Nxc6 bxc6 18. Qf3 Rf4 19. Qe2 Bc7 20. Rfe1 g6 21. Bf3 Qd6 22. g3 Rf6 23. Bg2 Re6 24. Qd3 Ra7 25. Re2 Bb6 26. Kh1 a5 27. Rxe6 Qxe6 28. Qd2 Re7 29. b4 axb4 30. cxb4 Qe2 31. Qxe2 Rxe2 32. Rc1 Bxf2 33. a4 Bxg3 34. a5 Re1+ 35. Rxe1 Bxe1 36. a6 Bf2 37. Bf3 Kf8 38. Kg2 Bb6 39. Kf1 Ke7 40. Ke1 Kd6 41. Kd2 Kc7 1/2-1/2

[Event "RSA-chT U12"]
[Site "Cape Town"]
[Date "2016.01.04"]
[Round "2.2"]
[White "Strydom, Samuel"]
[Black "Schoombie, Vian"]
[Result "0-1"]
[WhiteElo "1008"]
[BlackElo "1134"]
[PlyCount "36"]
[EventDate "2016.01.04"]
[EventType "team-tourn"]
[EventRounds "7"]
[EventCountry "RSA"]
[SourceTitle "CBM 170 Extra"]
[Source "ChessBase"]
[SourceDate "2016.02.25"]
[SourceVersion "1"]
[SourceVersionDate "2016.02.25"]
[SourceQuality "1"]
[WhiteTeam "Buffalo City"]
[BlackTeam "Nelson Mandela Bay"]
[WhiteTeamCountry "RSA"]
[BlackTeamCountry "RSA"]

1. e4 c6 2. d4 d5 3. exd5 cxd5 4. Nf3 Nc6 5. Bb5 Nf6 6. Nc3 Bg4 7. 0-0 e6 8. Be3 Bd6 9. h3 Bxf3 10. Qxf3 0-0 11. Bd3 Bc7 12. Bg5 Qd6 13. Bf4 Qxf4 14. Qxf4 Bxf4 15. Nb5 a6 16. Nc3 Nxd4 17. Ne2 Nxe2+ 18. Bxe2 Rac8 0-1